|
|
|
|
| LEADER |
00948nam a2200253 a 4500 |
| 001 |
13276552 |
| 008 |
090624s2004 enka b 001 0 eng d |
| 010 |
|
|
|a 2003110017
|
| 020 |
|
|
|a 0761942548
|
| 020 |
|
|
|a 0761942556
|
| 040 |
|
|
|a DLC
|c DLC
|d DLC
|
| 082 |
0 |
0 |
|a 659.1/042
|2 22
|
| 100 |
1 |
|
|a McFall, Elizabeth Rose.
|
| 245 |
1 |
0 |
|a Advertising :
|b a cultural economy /
|c Liz McFall.
|
| 260 |
|
|
|a London ;
|a Thousand Oaks, Calif. :
|b Sage Publications,
|c 2004.
|
| 300 |
|
|
|a viii, 208 p. :
|b ill. ;
|c 24 cm.
|
| 490 |
1 |
|
|a Culture, representation, and identities
|
| 504 |
|
|
|a Includes bibliographical references (p. 195-203) and index.
|
| 541 |
1 |
|
|a 00014380
|
| 541 |
1 |
|
|e Advertising.
|
| 650 |
|
0 |
|a Advertising
|x History.
|
| 852 |
4 |
|
|a Ayesha Abed Library
|j General Shelf.
|
| 999 |
|
|
|c 2064
|d 2064
|
| 952 |
|
|
|0 0
|1 0
|2 ddc
|4 0
|6 659_104200000000000_MCF_2004
|7 0
|9 1898
|a BRACUL
|b BRACUL
|c GEN
|d 2009-07-07
|l 1
|o 659.1042 MCF
|p 3010014380
|r 2023-01-17
|s 2023-01-11
|t 1
|w 2009-07-07
|y BK
|